| 000 | 01050nam a2200229 a 4500 | ||
|---|---|---|---|
| 008 | 120416s1995 ||||||||||||||||| || u | ||
| 020 | _a0077091477 | ||
| 050 | _aQD 272.S6 Wil | ||
| 100 | _aWilliams, Dudley H | ||
| 245 | 1 | 0 | _aSpectroscopic methods in organic chemistry |
| 250 | _a5th ed | ||
| 260 |
_aLondon _bMcGraw-Hill _c1995 |
||
| 300 | _axiii, 329p. : ill | ||
| 350 | _a0.00 | ||
| 500 | _aBibliography | ||
| 650 | 0 | _aCHEMISTRY--HANDBOOKS, MANUALS, ETC | |
| 650 | 0 | _aCHEMISTRY, ORGANIC | |
| 650 | 0 | _aSPECTRUM ANALYSIS | |
| 995 |
_aMAIN LIBRARY OPEN ACCESS _D0.00 _e727590 _FCBU-MAIN LIBRARY (Kitwe) _H2 _I19.00 _jQD 272.S6 Wil _M2 _UAVAILABLE _WMar 13, 2007 _y025415 _ZMain Library Open Access Collection |
||
| 995 |
_aMAIN LIBRARY OPEN ACCESS _D0.00 _e727298 _FCBU-MAIN LIBRARY (Kitwe) _H1 _I19.00 _jQD 272.S6 Wil _M1 _UAVAILABLE _y018043 _ZMain Library Open Access Collection |
||
| 995 |
_aANNEX COLLECTION (Main Library) _D0.00 _e727589 _FCBU-MAIN LIBRARY (Kitwe) _H3 _I19.00 _jQD 272.S6 Wil _M3 _UAVAILABLE _WMar 13, 2007 _y025414 _ZAnnex Low-Usage Collection |
||
| 999 |
_c76703 _d76703 |
||